000 00643nam a2200205 i 4500
001 47557
003 ES-MaACL
005 20240523063020.0
007 t|
008 030505s1916 sp ||||1| spa d
080 _a821.134.2-32"19"
100 1 _aZamacois, Eduardo,
_d1873-1971
_9117882
245 1 4 _aLos últimos capítulos
_b: fragmentos de unas "Memorias" inéditas /
_cpor Eduardo Zamacois.
260 _aMadrid :
_b[s.n.],
_c1916.
300 _a34 p. ;
_c19 cm.
490 1 _aLa novela corta ;
_v14
830 0 _aLa novela corta ;
_v14
_9182142
852 _aES-MaACL
_jG-4947(14)
_bR.132489
999 _c47557
_d47557